Vice Chairmen of the Chinese Communist Party - Statistics

General Stats
  • This quiz has been taken 5 times
  • The average score is 9 of 14
Answer Stats
Picture Hint Answer % Correct
1975-1976 (Purged) | 1977-1982 Deng Xiaoping
100%
1976 (Promoted) | 1981-1982 Hua Guofeng
100%
1956-1971* (Died) Lin Biao
100%
1956-1966 (Purged) Liu Shaoqi
80%
1973-1976 (Purged) Wang Hongwen
80%
1956-1966 | 1978-1982 Chen Yun
60%
1973-1975 (Died) Kang Sheng
60%
1977-1982 Li Xiannian
60%
1973-1982 Ye Jianying
60%
1956-1966 | 1973-1976 (Died) Zhou Enlai
60%
1956-1966 Zhu De
60%
1973-1975 (Resigned) Li Desheng
40%
1977-1980 (Resigned) Wang Dongxing
20%
1981-1982 Zhao Ziyang
20%
No matching quizzes found
Score Distribution
Percent of People with Each Score
Percentile by Number Answered
Your Score History
You have not taken this quiz